Automação em sistemas de irrigação por gotejamento (Registro n. 329013)
[ somente texto ]
| 000 -LÍDER | |
|---|---|
| fixed length control field | 00775nab a2200253 4500 |
| 003 - CÓDIGO MARC DA AGÊNCIA CATALOGADORA | |
| Campo de controle | BR-BrBNA |
| 005 - DATA E HORA DA ÚLTIMA ATUALIZAÇÃO | |
| Campo de controle | 20241204123115.0 |
| 008 - CAMPO DE TAMANHO FIXO | |
| fixed length control field | 241204b bl.||||| |||| 00| 0 por d |
| 040 ## - FONTE DA CATALOGAÇÃO | |
| Agência catalogadora | BR-BrBNA |
| Idioma da catalogação | por |
| 072 ## - CATEGORIA AGRIS | |
| Código AGRIS | U10 ; F06 |
| 100 ## - ENTRADA PRINCIPAL - NOME PESSOAL | |
| Nome pessoal | Toniello, Bruno |
| 245 ## - TÍTULO PRINCIPAL | |
| Título principal | Automação em sistemas de irrigação por gotejamento |
| 500 ## - NOTA GERAL | |
| Nota geral | 6 illus. |
| 942 ## - ADDED ENTRY ELEMENTS (KOHA) | |
| Koha item type | Analítica |
| 650 ## - ASSUNTO - THESAGRO | |
| Cabeçalho tópico ou nome geográfico | IRRIGAÇÃO POR GOTEJAMENTO |
| 650 ## - ASSUNTO - THESAGRO | |
| Cabeçalho tópico ou nome geográfico | AUTOMAÇÃO |
| 650 ## - ASSUNTO - THESAGRO | |
| Cabeçalho tópico ou nome geográfico | INFORMÁTICA |
| 650 ## - ASSUNTO - THESAGRO | |
| Cabeçalho tópico ou nome geográfico | TECNOLOGIA |
| 650 ## - ASSUNTO - THESAGRO | |
| Cabeçalho tópico ou nome geográfico | GEORREFERENCIAMENTO |
| 650 ## - ASSUNTO - THESAGRO | |
| Cabeçalho tópico ou nome geográfico | CUSTO-BENEFÍCIO |
| 650 ## - ASSUNTO - THESAGRO | |
| Cabeçalho tópico ou nome geográfico | EQUIPAMENTO DE IRRIGAÇÃO |
| 773 0# - ENTRADA ANALÍTICA | |
| Host Biblionumber | 4820 |
| Registro do item | 318173 |
| Imprenta | Votuporanga/SP IRRIGAZINE 2009 |
| Outro identificador | 2024-4925 |
| Título | Irrigazine (Brazil) |
| Colação | v. 5(17) p. 17-18; (Apr 2010) |
| Número de controle de registro | BR2024003744 |
Nenhum exemplar disponível.

BINAGRI